Hlavné zložky stratégie elektronického obchodu diplomová práca

Saved in:
Bibliographic Details
Main Author: Gabriš, Martin
Corporate Author: Obchodná fakulta EU. Katedra informatiky obchodných firiem
Other Authors: Hasan, Jamal
Format: Book
Language:Slovak
Published: Bratislava 2018
Tags: Add Tag
No Tags, Be the first to tag this record!

MARC

LEADER 00000nbm a2200000 4500
001 0243373
005 20180810083512.1
041 0 |a slo 
044 |a SK 
245 1 0 |a Hlavné zložky stratégie elektronického obchodu  |b diplomová práca  |c Martin Gabriš ; školiteľ: Jamal Hasan 
264 1 |a Bratislava  |c 2018 
300 |a 82 s. 
100 1 |a Gabriš, Martin 
700 1 |a Hasan, Jamal 
710 2 |a Obchodná fakulta EU. Katedra informatiky obchodných firiem